000 01648nam a2200337 c 4500
999 _c182538
_d182538
003 BLK
005 20250330004147.0
008 180411b bul|||||r ||||||| ||bul||
010 _aKNG00191463000
040 _aBLK
041 _aBUL
_cBUL
080 _aНемска литература
_b821.112.2
_x-1
_z821.112.2-1
100 1 _aГьоте, Йохан Волфганг
_eпърви автор
_9323081
139 _aГьоте, Йохан Волфганг
_bГ 97
245 1 0 _aРадост и мъка
_bСб. стихотворения
_cЙохан Волфганг Гьоте; прев. от нем. Атанас Христов Далчев; прев. от нем. Чило Шишманов; худож. Стоимен Иванов Стоилов.
257 _aDEU
260 _bГеорги Бакалов
_c1982
_fСофия : Балкан
_aВарна
300 _a128 с.
_bс ил.
_c25 см
380 _aX
500 _aОфс. изд. - 30 300 тир.
700 _aДалчев, Атанас Христов
_d1904-1978
_gПоет. Преводач от английски, френски, немски, испански, руски, гръцки и унгарски език.
_9363753
700 1 _aШишманов, Чило
_eпрев. от нем.
_9381662
700 _aСтоилов, Стоимен Иванов
_d1944-
_gБългарски график и живописец
_9374518
852 _aЦб 115091
_bЦб
856 4 _qpdf
856 4 _qpdf
942 _cKNG
_n0
_03
_s1
944 _aCR
_c04.10.2016
_k
_lCRON CRON
944 _aED
_c04.10.2016
_kРадостина_Карадакова
999 _d182538